Do you know these rare dogs? - Statistics

General Stats
  • This quiz has been taken 16 times
  • The average score is 5 of 15
Answer Stats
Picture Answer % Correct
Mudi
80%
Komondor
73%
Azawakh
67%
Cesky Terrier
67%
Biewer
27%
Chinook
27%
Jindo
20%
Kai Ken
20%
Small Munsterlander
20%
Xiasi
20%
Basset Bleu de Gascogne
13%
Chongqing
13%
Croatian Sheepdog
13%
Yakutian Laika
13%
Turkish Pointer
7%
No matching quizzes found
Score Distribution
Percent of People with Each Score
Percentile by Number Answered
Your Score History
You have not taken this quiz